000
00248nam a22001217a 4500
008
180817b xxu||||| |||| 00| 0 eng d
041
_a
eng
080
_a
004
100
_a
28
101
_a
SHK
245
_a
PROC SQL
_c
Lafler,K.P
942
_2
udc
_c
BK
999
_c
47195
_d
47195